000 00745nam a22002175a 4500
005 20090821115443.0
008 090106s2008 ii b 001 0 eng
010 _aENG-94788
020 _a9788190706100
_c395.00
035 _aEN-78321
037 _bDBAD / PUB
040 _adpl
_bEnglish
082 _a881
100 _aMitra, Sandip
245 _aForty one moons:
_cby Sandip Mitra
_bpoems /
260 _aDelhi
_bSalasar Imaging Systems
_c2009
270 _aC 7/5, Lawrence Road, Industrial Area
_bDelhi
_e110035
300 _a155p.
_c24cm(Hb)
942 _2ddc
_cEN
_mMIT
_h881
999 _c29368
_d29368